000 01700nam0a2200301 4500
001 RU\NLR\BIBL_A\012099329
005 20191002163448.0
010 _a978-5-209-09423-4
_9500
021 _aRU
_bКН-П-19-061679
_9КН-П-19-4412
035 _a(NLR Aleph) 012099329
035 _a(RuMoRGB)010070988
090 _a11897995
_c11897995
100 _a20190923d2019 u y0rusy50 ca
101 0 _arus
102 _aRU
105 _aa j 000zy
200 1 _aФизико-химические методы анализа
_eпрактикум
_eучебное пособие для студентов высших учебных заведений, обучающихся по направлениям подготовки: 28.04.01 - "Нанотехнологии и микросистемная техника", 04.04.01 - "Химия", 33.04.01 - "Промышленная фармация"
_f[А. И. Марахова и др.]
_gпод редакцией А. И. Мараховой
210 _aМосква
_cРоссийский университет дружбы народов
_d2019
215 _a280, [1] с.
_cил., цв. ил., табл.
_d21
320 _aБиблиогр.: с. 279-281 (24 назв.)
606 1 _aФизико-химический анализ
_jУчебные издания для высших учебных заведений
_xЛабораторная практика
_92449467
_3RU\NLR\AUTH\661456483
686 1 _aГ46я73-5
702 1 _aМарахова
_bА. И.
_gАнна Игоревна
_4220
_4340
942 _cBOOK
980 _aNBR
980 _aNB